000 00489nam a22001817a 4500
005 20220524094225.0
008 220524b ||||| |||| 00| 0 eng d
040 _cAL
041 _aEnglish
082 _223
_a920
_bBROI
100 _aMelvyn Brown
_938642
245 _aIntroduction to Anglo-Indian History
260 _aCalcutta
_cAnglo-Indian Newsletter
_b1997
300 _a96 p.
_bPB
_c21.5x14 cm.
650 _aHistory
_938640
700 _aBROWN (Melvyn)
_938641
942 _2ddc
_cGF
999 _c223073
_d223073